Fragmentos del futuro / (Registro nro. 8492)

Detalles MARC
000 -LIDER
fixed length control field 00850nam a22002897a 4500
001 - NÚMERO DE CONTROL
Identificador de número de control 0074
003 - IDENTIFICACDOR DE NÚMERO DE CONTROL
control field DO-SdBNP
005 - DATE AND TIME OF LATEST TRANSACTION
control field 20180124090910.0
007 - CAMPOS FIJOS DE DESCRIPCIÓN FÍSICA
fixed length control field 0074
008 - ELEMENTOS DE LONGITUD FIJA
fixed length control field 151029b sp 1984 xxu||||| |||| 00| 0 spa d
020 ## - ISBN
International Standard Book Number 8475251722
040 ## - FUENTE DE CATALOGACIÓN
Agencia que crea de manera original el registro BPMSU
Idioma de catalogación spa
Agencia que realiza la transcripción BPMSU
092 ## - LOCALLY ASSIGNED DEWEY DECIMAL CALL NUMBER
Número de clasificación xxxxxxxx
Número de ítem (Cutter) xxxxxxxx
100 10 - ASIENTO PRINCIPAL -- NOMBRE PERSONAL
Nombre personal London, Jack,
Término de relación 1876-1916
245 10 - MENCIÓN DE TITULO
Título Fragmentos del futuro /
Mención de responsabilidad Jack London ; traducción Francisco Cabezas Coca ; ilustración Juan Paccini
260 ## - PUBLICACIÓN, DISTRIBUCIÓN, ETC. (PIE DE IMPRENTA)
Lugar de publicación, distribución, etc Madrid, España :
Nombre del editor, distribuidor, etc. Anaya,
Fecha de publicación, distribución, etc 1984.
300 ## - DESCRIPCIÓN FÍSICA
Extensión 224 p. :
Otros detalles físicos il.,
Dimensiones 20 cm.
490 10 - MENCIÓN DE SERIES
Mención de serie Tus libros
490 10 - MENCIÓN DE SERIES
Mención de serie Ciencia ficción
700 10 - ASIENTO SECUNDARIO -- NOMBRE PERSONAL
Nombre personal Cabezas Coca, Francisco,
Mención de responsabilidad tr.
700 10 - ASIENTO SECUNDARIO -- NOMBRE PERSONAL
Nombre personal Paccini, Juan,
Mención de responsabilidad il.
830 00 - ASIENTO SECUNDARIO DE SERIE--TÍTULO UNIFORME
Título uniforme Tus libros
830 00 - ASIENTO SECUNDARIO DE SERIE--TÍTULO UNIFORME
Título uniforme Ciencia ficción
942 ## - ADDED ENTRY ELEMENTS (KOHA)
Source of classification or shelving scheme Dewey Decimal Classification
Koha item type Libros
945 ## - INFORMACIÓN DE PROCESAMIENTO LOCAL
Información de procesamiento local Inventariado, 2018 / YL
956 ## - LOCAL ELECTRONIC LOCATION AND ACCESS (OCLC)
Nombre de host Brenda Tavárez
Número de acceso 10
Información de compresión BPMSU
Existencias
Withdrawn status Lost status Source of classification or shelving scheme Damaged status Not for loan Collection code Home library Current library Date acquired Source of acquisition Total Checkouts Barcode Date last seen Price effective from Koha item type
    Dewey Decimal Classification     Colección Juvenil General Biblioteca Pública Metropolitana Salomé Ureña Biblioteca Pública Metropolitana Salomé Ureña 10/29/2015 Donación   BPMSU15100227 10/29/2015 10/29/2015 Libros